[Event "Maastricht Limburg op-B 9th"]
[Site "Maastricht"]
[Date "2015.05.24"]
[Round "4"]
[White "Hoornstra, Hans"]
[Black "Tutenel, Erik"]
[Result "1/2-1/2"]
[WhiteElo "1955"]
[BlackElo "1853"]
[PlyCount "57"]
[EventDate "2015.05.22"]
[EventType "swiss"]
[EventRounds "7"]
[EventCountry "NED"]
[SourceTitle "EXT 2016"]
[Source "ChessBase"]
[SourceDate "2015.10.08"]
[SourceVersion "1"]
[SourceVersionDate "2015.10.08"]
[SourceQuality "1"]

1. e4 e5 2. Nf3 Nc6 3. d4 exd4 4. Bc4 Nf6 5. e5 d5 6. Bb5 Ne4 7. Nxd4 Bc5 8. Be3 Bd7 9. Bxc6 bxc6 10. Nd2 Nxd2 11. Qxd2 Qe7 12. Nb3 Bb6 13. Qc3 0-0 14. Nc5 f6 15. 0-0 fxe5 16. Nxd7 Qxd7 17. Qxe5 Rae8 18. Qc3 Bxe3 19. fxe3 Rxf1+ 20. Rxf1 Re4 21. Qc5 Qe8 22. Qxa7 Rxe3 23. Qc5 Re2 24. a4 h6 25. Qc3 Qe4 26. Rf2 Re1+ 27. Rf1 Re2 28. Rf2 Re1+ 29. Rf1 1/2-1/2

[Event "Maastricht Limburg op-B 8th"]
[Site "Maastricht"]
[Date "2014.06.06"]
[Round "1"]
[White "Tutenel, Erik"]
[Black "Cebula, Jerzy"]
[Result "1/2-1/2"]
[WhiteElo "1863"]
[BlackElo "1998"]
[PlyCount "31"]
[EventDate "2014.06.06"]
[EventType "swiss"]
[EventRounds "7"]
[EventCountry "NED"]
[SourceTitle "EXT 2015"]
[Source "ChessBase"]
[SourceDate "2014.11.20"]
[SourceVersion "1"]
[SourceVersionDate "2014.11.20"]
[SourceQuality "1"]

1. e4 e5 2. Nc3 Nf6 3. f4 d5 4. fxe5 Nxe4 5. d3 Nxc3 6. bxc3 d4 7. Nf3 c5 8. Be2 Nc6 9. 0-0 Be7 10. Qe1 0-0 11. Qg3 f6 12. Bh6 Rf7 13. exf6 Bxf6 14. Ng5 Rf8 15. Ne4 Be5 16. Bf4 1/2-1/2

[Event "Maastricht Limburg op-B 7th"]
[Site "Maastricht"]
[Date "2013.05.20"]
[Round "6"]
[White "Tutenel, Erik"]
[Black "Auwens, Michiel"]
[Result "1/2-1/2"]
[WhiteElo "1827"]
[BlackElo "1873"]
[PlyCount "51"]
[EventDate "2013.05.17"]
[EventType "swiss"]
[EventRounds "7"]
[EventCountry "NED"]
[SourceTitle "EXT 2014"]
[Source "ChessBase"]
[SourceDate "2013.11.20"]
[SourceVersion "1"]
[SourceVersionDate "2013.11.20"]
[SourceQuality "1"]

1. e4 e5 2. Nc3 Bc5 3. Bc4 Nf6 4. d3 h6 5. f4 d6 6. Nf3 Nbd7 7. Na4 Bb4+ 8. c3 Ba5 9. b4 Bb6 10. Bb3 c6 11. Nxb6 Qxb6 12. Qe2 a5 13. Be3 Qc7 14. 0-0 axb4 15. cxb4 Nf8 16. f5 d5 17. Bf2 d4 18. a3 N8d7 19. Qa2 Rf8 20. h3 Nb6 21. Bg3 Nfd7 22. Nxd4 Qd6 23. Nf3 Qxd3 24. Bc2 Qc3 25. Rfc1 f6 26. Be1 1/2-1/2